MARC details
| 000 -LEADER |
| fixed length control field |
03618cam a2200721 a 4500 |
| 001 - CONTROL NUMBER |
| control field |
2147575 |
| 005 - DATE AND TIME OF LATEST TRANSACTION |
| control field |
20241220163326.0 |
| 008 - FIXED-LENGTH DATA ELEMENTS--GENERAL INFORMATION |
| fixed length control field |
051003s2005 flua j 001 1 spa d |
| 010 ## - LIBRARY OF CONGRESS CONTROL NUMBER |
| LC control number |
bl2005021111 |
| 020 ## - INTERNATIONAL STANDARD BOOK NUMBER |
| International Standard Book Number |
1598200593 (pbk.) : |
| Terms of availability |
$9.95 |
| 020 ## - INTERNATIONAL STANDARD BOOK NUMBER |
| International Standard Book Number |
9781598200591 (pbk.) : |
| Terms of availability |
$9.95 |
| 035 ## - SYSTEM CONTROL NUMBER |
| System control number |
(OCoLC)61249770 |
| 035 ## - SYSTEM CONTROL NUMBER |
| System control number |
2030540 |
| 035 ## - SYSTEM CONTROL NUMBER |
| System control number |
(OCoLC)61249770 |
| 035 ## - SYSTEM CONTROL NUMBER |
| System control number |
984025 |
| 035 ## - SYSTEM CONTROL NUMBER |
| System control number |
AHP-3738 |
| 035 ## - SYSTEM CONTROL NUMBER |
| System control number |
(OCoLC)ocm61249770 |
| 035 ## - SYSTEM CONTROL NUMBER |
| System control number |
984025 |
| 035 ## - SYSTEM CONTROL NUMBER |
| System control number |
(OCoLC)ocm61249770 |
| 035 ## - SYSTEM CONTROL NUMBER |
| System control number |
2030540 |
| 040 ## - CATALOGING SOURCE |
| Original cataloging agency |
NjBwBT |
| Transcribing agency |
NjBwBT |
| Modifying agency |
IGA |
| 041 1# - LANGUAGE CODE |
| Language code of text/sound track or separate title |
spa |
| Language code of original and/or intermediate translations of text |
eng |
| 049 ## - LOCAL HOLDINGS (OCLC) |
| Holding library |
IGAA |
| 050 14 - LIBRARY OF CONGRESS CALL NUMBER |
| Classification number |
PZ73 |
| Item number |
.D3318 2005 |
| 082 04 - DEWEY DECIMAL CLASSIFICATION NUMBER |
| Classification number |
[Fic] |
| Edition number |
22 |
| 092 ## - LOCALLY ASSIGNED DEWEY CALL NUMBER (OCLC) |
| Classification number |
F |
| 999 ## - SYSTEM CONTROL NUMBERS (KOHA) |
| Koha Dewey Subclass [OBSOLETE] |
F |
| 100 1# - MAIN ENTRY--PERSONAL NAME |
| Personal name |
Dahl, Roald. |
| 9 (RLIN) |
7690 |
| 240 10 - UNIFORM TITLE |
| Uniform title |
<a href="Charlie and the chocolate factory.">Charlie and the chocolate factory.</a> |
| Language of a work |
Spanish |
| 245 10 - TITLE STATEMENT |
| Title |
Charlie y la f�abrica de chocolate / |
| Statement of responsibility, etc |
Roald Dahl ; ilustraciones de Quentin Blake ; [traducci�on, Ver�onica Head]. |
| 260 ## - PUBLICATION, DISTRIBUTION, ETC. (IMPRINT) |
| Place of publication, distribution, etc |
Miami, FL : |
| Name of publisher, distributor, etc |
Alfaguara, |
| Date of publication, distribution, etc |
c2005. |
| 264 ## - Publisher, distributor, etc. |
| Place of production, publication, distribution, manufacture |
Miami, FL |
| Name of producer, publisher, distributor, manufacturer |
Alfaguara |
| Date of production, publication, distribution, manufacture, or copyright notice |
2005 |
| 300 ## - PHYSICAL DESCRIPTION |
| Extent |
198 p. : |
| Other physical details |
ill. ; |
| Dimensions |
20 cm. |
| 336 ## - CONTENT TYPE |
| Content type term |
text |
| 337 ## - MEDIA TYPE |
| Media type term |
unmediated |
| 338 ## - CARRIER TYPE |
| Carrier type term |
volume |
| 500 ## - GENERAL NOTE |
| General note |
Includes index. |
| 500 ## - GENERAL NOTE |
| General note |
Originally published: Madrid : Ediciones Alfaguara, c1978. |
| 520 ## - SUMMARY, ETC. |
| Summary, etc |
Trustworthy, kind, and poor Charlie Bucket, the hero of the story, and greedy Augustus Gloop, spoiled Veruca Salt, gum-chewing Violet Beauregarde, and TV-addict Mike Teve have amazing adventures in a chocolate factory. |
| 650 #1 - SUBJECT ADDED ENTRY--TOPICAL TERM |
| Topical term or geographic name as entry element |
Humorous stories. |
| 9 (RLIN) |
85600 |
| 650 #1 - SUBJECT ADDED ENTRY--TOPICAL TERM |
| Topical term or geographic name as entry element |
Behavior |
| Form subdivision |
Fiction. |
| 9 (RLIN) |
5673643 |
| 690 ## - LOCAL SUBJECT ADDED ENTRY--TOPICAL TERM (OCLC, RLIN) |
| Topical term or geographic name as entry element |
Spanish language materials. |
| 700 1# - ADDED ENTRY--PERSONAL NAME |
| Personal name |
Blake, Quentin. |
| 9 (RLIN) |
6278 |
| 700 1# - ADDED ENTRY--PERSONAL NAME |
| Personal name |
Head, Ver�onica. |
| 9 (RLIN) |
5686088 |
| 942 ## - ADDED ENTRY ELEMENTS (KOHA) |
| Source of classification or shelving scheme |
Dewey Decimal Classification |
| Item type |
BOOK |
| 948 ## - LOCAL PROCESSING INFORMATION (OCLC); SERIES PART DESIGNATOR (RLIN) |
| Series part designator, SPT (RLIN) |
BAP |
| b (OCLC) |
CHILDREN'S |
| p (OCLC) |
X113083778 |
| k (OCLC) |
J |
| h (OCLC) |
F |
| f (OCLC) |
1 |
| r (OCLC) |
2 |
| g (OCLC) |
1 |
| 7 (OCLC) |
0 |
| u (OCLC) |
3 |
| w (OCLC) |
11 |
| s (OCLC) |
0 |
| o (OCLC) |
BAP |
| 0 (OCLC) |
$10.95 |
| y (OCLC) |
99 |
| c (OCLC) |
105 |
| j (OCLC) |
Dewey Decimal |
| n (OCLC) |
On-Order |
| e (OCLC) |
768935-1 |
| 9 (OCLC) |
Item generated Jun 19 2015 2:18PM |
| 948 ## - LOCAL PROCESSING INFORMATION (OCLC); SERIES PART DESIGNATOR (RLIN) |
| Series part designator, SPT (RLIN) |
BPC |
| b (OCLC) |
CHILDREN'S |
| p (OCLC) |
X109546374 |
| k (OCLC) |
J |
| h (OCLC) |
F |
| f (OCLC) |
1 |
| r (OCLC) |
2 |
| g (OCLC) |
1 |
| 7 (OCLC) |
0 |
| u (OCLC) |
3 |
| w (OCLC) |
11 |
| s (OCLC) |
0 |
| o (OCLC) |
BPC |
| 0 (OCLC) |
$10.95 |
| y (OCLC) |
99 |
| c (OCLC) |
105 |
| j (OCLC) |
Dewey Decimal |
| n (OCLC) |
On-Order |
| e (OCLC) |
637474-1 |
| 9 (OCLC) |
Item generated Sep 10 2014 3:18PM |
| 948 ## - LOCAL PROCESSING INFORMATION (OCLC); SERIES PART DESIGNATOR (RLIN) |
| x (OCLC) |
B&T |
| 9 (OCLC) |
Tag retained from duplicate overlay Feb 5 2014 10:33AM |
| 948 ## - LOCAL PROCESSING INFORMATION (OCLC); SERIES PART DESIGNATOR (RLIN) |
| Series part designator, SPT (RLIN) |
BWR |
| b (OCLC) |
CHILDREN'S |
| p (OCLC) |
X103595179 |
| k (OCLC) |
J |
| h (OCLC) |
F |
| f (OCLC) |
1 |
| r (OCLC) |
2 |
| g (OCLC) |
1 |
| 7 (OCLC) |
0 |
| u (OCLC) |
3 |
| w (OCLC) |
11 |
| s (OCLC) |
0 |
| o (OCLC) |
BWR |
| 0 (OCLC) |
$9.95 |
| y (OCLC) |
99 |
| j (OCLC) |
Dewey Decimal |
| n (OCLC) |
On-Order |
| e (OCLC) |
248222-1 |
| 9 (OCLC) |
Item generated Sep 29 2011 10:18AM |
| 948 ## - LOCAL PROCESSING INFORMATION (OCLC); SERIES PART DESIGNATOR (RLIN) |
| Series part designator, SPT (RLIN) |
BWR |
| b (OCLC) |
CHILDREN'S |
| p (OCLC) |
X103595211 |
| k (OCLC) |
J |
| h (OCLC) |
F |
| f (OCLC) |
1 |
| r (OCLC) |
2 |
| g (OCLC) |
1 |
| 7 (OCLC) |
0 |
| u (OCLC) |
3 |
| w (OCLC) |
11 |
| s (OCLC) |
0 |
| o (OCLC) |
BWR |
| 0 (OCLC) |
$9.95 |
| y (OCLC) |
99 |
| j (OCLC) |
Dewey Decimal |
| n (OCLC) |
On-Order |
| e (OCLC) |
248222-1 |
| 9 (OCLC) |
Item generated Sep 29 2011 10:18AM |
| 948 ## - LOCAL PROCESSING INFORMATION (OCLC); SERIES PART DESIGNATOR (RLIN) |
| Series part designator, SPT (RLIN) |
BPW |
| b (OCLC) |
CHILDREN'S |
| p (OCLC) |
X104404553 |
| k (OCLC) |
J |
| h (OCLC) |
F |
| f (OCLC) |
1 |
| r (OCLC) |
2 |
| g (OCLC) |
1 |
| 7 (OCLC) |
0 |
| u (OCLC) |
3 |
| w (OCLC) |
11 |
| s (OCLC) |
0 |
| o (OCLC) |
BPW |
| 0 (OCLC) |
$9.95 |
| y (OCLC) |
99 |
| j (OCLC) |
Dewey Decimal |
| n (OCLC) |
On-Order |
| e (OCLC) |
370126-1 |
| 9 (OCLC) |
Item generated Sep 24 2012 7:45AM |
| 948 ## - LOCAL PROCESSING INFORMATION (OCLC); SERIES PART DESIGNATOR (RLIN) |
| Series part designator, SPT (RLIN) |
BPW |
| b (OCLC) |
CHILDREN'S |
| p (OCLC) |
X104403605 |
| k (OCLC) |
J |
| h (OCLC) |
F |
| f (OCLC) |
1 |
| r (OCLC) |
2 |
| g (OCLC) |
1 |
| 7 (OCLC) |
0 |
| u (OCLC) |
3 |
| w (OCLC) |
11 |
| s (OCLC) |
0 |
| o (OCLC) |
BPW |
| 0 (OCLC) |
$9.95 |
| y (OCLC) |
99 |
| j (OCLC) |
Dewey Decimal |
| n (OCLC) |
On-Order |
| e (OCLC) |
370126-1 |
| 9 (OCLC) |
Item generated Sep 24 2012 7:45AM |
| 948 ## - LOCAL PROCESSING INFORMATION (OCLC); SERIES PART DESIGNATOR (RLIN) |
| Series part designator, SPT (RLIN) |
BHH |
| b (OCLC) |
CHILDREN'S |
| p (OCLC) |
X108073898 |
| k (OCLC) |
J |
| h (OCLC) |
F |
| f (OCLC) |
1 |
| r (OCLC) |
2 |
| g (OCLC) |
1 |
| 7 (OCLC) |
0 |
| u (OCLC) |
3 |
| w (OCLC) |
11 |
| s (OCLC) |
0 |
| o (OCLC) |
BHH |
| 0 (OCLC) |
$10.95 |
| y (OCLC) |
99 |
| j (OCLC) |
Dewey Decimal |
| n (OCLC) |
On-Order |
| e (OCLC) |
551252-1 |
| 9 (OCLC) |
Item generated Feb 5 2014 10:33AM |